| Tag |
First Indicator |
Second Indicator |
Subfields |
| LEADER |
00000cam a2200000 4500 |
| 001 |
in00000033934 |
| 005 |
20151007063349.0 |
| 008 |
750124s1961 nyu 00000 eng u |
| 010 |
|
|
|a 61009531
|
| 035 |
|
|
|a (OCoLC)01151841
|
| 035 |
|
|
|9 AAD7224AM
|
| 040 |
|
|
|c KSU
|d TXA
|d UtOrBLW
|
| 049 |
|
|
|a TXAM
|c [336059]
|
| 050 |
|
0 |
|a PR6023.L47
|b M36
|
| 092 |
|
|
|a 823
|b L791m
|
| 100 |
1 |
|
|a Llewellyn, Richard.
|
| 245 |
1 |
2 |
|a A man in a mirror.
|
| 250 |
|
|
|a [1st ed.].
|
| 264 |
|
1 |
|a Garden City, N.Y. :
|b Doubleday,
|c 1961.
|
| 300 |
|
|
|a 431 pages ;
|c 22 cm.
|
| 336 |
|
|
|a text
|b txt
|2 rdacontent
|
| 337 |
|
|
|a unmediated
|b n
|2 rdamedia
|
| 338 |
|
|
|a volume
|b nc
|2 rdacarrier
|
| 999 |
|
|
|a MARS
|
| 999 |
f |
f |
|s 36abf0b9-54f4-39aa-845d-7e3241d005a6
|i 333f9016-1742-32e3-b69b-5d0da23d7ca3
|t 0
|
| 952 |
f |
f |
|p ric
|a Texas A&M University
|b Rellis Campus
|c Joint Library Facility
|d Remote Storage
|t 0
|e PR6023.L47 M36
|h Library of Congress classification
|i unmediated -- volume
|m A14801323872
|
| 998 |
f |
f |
|a PR6023.L47 M36
|t 0
|l Remote Storage
|